000 01209nam a22003497a 4500
003 CHAP
005 20220329143317.0
008 080125d200 co r 00110 spa d
010 _a94784
011 _a95756
020 _a9588060486
035 _a106386
040 _cCHAP
082 0 4 _a574.5
_bR67
100 1 _aRodríguez Díaz, Héctor Alfonso.
_998451
245 1 0 _aEstudios de impacto ambiental :
_bguía metodológica
_c/por Héctor Alfonso Rodríguez Díaz
260 _aBogotá :
_bEscuela Colombiana de Ingeniería,
_c2005
300 _a122 p. :
_bcuadros ; diagramas
490 0 _aNotas. Ingeniería civil
590 _aBATCH-UPD
_b10
_c20130110
_lUCH01
_h0741
590 _aBATCH-UPD
_b10
_c20130410
_lUCH01
_h0423
590 _aBATCH-UPD
_b10
_c20130914
_lUCH01
_h1229
590 _aCONVERSION
_b10
_c20130109
_lUCH01
_h1352
650 1 4 _aEcología
_xEstudio y enseñanza.
_935142
650 1 4 _aEducación ambiental.
_935556
650 1 4 _aMedio ambiente.
_974065
650 1 4 _aMedio ambiente
_xInvestigación.
_974093
830 0 _aNotas. Ingeniería civil
_981879
901 _aBK
942 _cLIBRO
949 _a574.5 R67
_bBC
_cLIBRO
_d33724002041306
_eLIBRO
_gI.c/e
_h109405
_i106386
_si
_t$176.00
999 _c94784
_d94784